|
|
|
|
| LEADER |
00000naa2a2200000 4500 |
| 001 |
606646 |
| 005 |
20260303163527.0 |
| 035 |
|
|
|a (RuTPU)RU\TPU\conf\4025
|
| 035 |
|
|
|a RU\TPU\conf\4023
|
| 090 |
|
|
|a 606646
|
| 100 |
|
|
|a 20140605d2014 k y0rusy50 ca
|
| 101 |
0 |
|
|a rus
|
| 102 |
|
|
|a RU
|
| 135 |
|
|
|a drcn ---uucaa
|
| 181 |
|
0 |
|a i
|
| 182 |
|
0 |
|a b
|
| 200 |
1 |
|
|a Шаг в будущее. Новая экологическая программа ТПУ: создание пункта сбора макулатуры
|f Д. К. Айрапетян
|g науч. рук. И. А. Божко
|
| 203 |
|
|
|a Текст
|c электронный
|
| 225 |
1 |
|
|a Инициативные проекты
|
| 300 |
|
|
|a Заглавие с титульного экрана
|
| 320 |
|
|
|a [Библиогр.: с. 231 (3 назв.)]
|
| 337 |
|
|
|a Adobe Reader
|
| 463 |
|
1 |
|0 (RuTPU)RU\TPU\conf\3591
|t Ресурсоэффективным технологиям - энергию и энтузиазм молодых
|o Сборник научных трудов V Всероссийской конференции студентов элитного технического образования, г. Томск, 25 -27 марта 2014 г.
|f Национальный исследовательский Томский политехнический университет (ТПУ)
|v [С. 229-231]
|d 2014
|
| 601 |
0 |
2 |
|a Национальный исследовательский Томский политехнический университет (ТПУ)
|c (2009- )
|2 stltpush
|3 (RuTPU)RU\TPU\col\15902
|
| 610 |
1 |
|
|a труды учёных ТПУ
|
| 610 |
1 |
|
|a электронный ресурс
|
| 610 |
1 |
|
|a будущее
|
| 610 |
1 |
|
|a экологические программы
|
| 610 |
1 |
|
|a макулатура
|
| 610 |
1 |
|
|a окружающая среда
|
| 610 |
1 |
|
|a экология
|
| 700 |
|
1 |
|a Айрапетян
|b Д. К.
|
| 702 |
|
1 |
|a Божко
|b И. А.
|c физик
|c доцент Томского политехнического университета, кандидат физико-математических наук
|f 1980-
|g Ирина Александровна
|4 727
|
| 712 |
0 |
2 |
|a Национальный исследовательский Томский политехнический университет
|c (2009- )
|9 26305
|
| 801 |
|
2 |
|a RU
|b 63413507
|c 20210709
|g RCR
|
| 856 |
4 |
|
|u http://earchive.tpu.ru/handle/11683/66087
|
| 856 |
4 |
|
|u http://www.lib.tpu.ru/fulltext/c/2014/C08/100.pdf
|
| 942 |
|
|
|c CF
|